| 000 | 00604nam a22001697a 4500 | ||
|---|---|---|---|
| 020 | _a1740895460 | ||
| 022 | _a978-1740895460 | ||
| 082 |
_a030 _bENC _cN-01,P-197 |
||
| 100 |
_aJohn Oven (Author) _937025 |
||
| 245 |
_aENCYCLOPEDIA of DISCOVERIES: Science and history _b : 4-BOOK-BOX SET 4-Volume-set _cJohn Oven (Author) |
||
| 260 |
_aSan Francisco _bFog City Press _c(2004) |
||
| 300 |
_a640 p. : _b Col, ill. _c22 cm |
||
| 505 | _a4-Volume-set: Nature, Science and History, Reptiles and Insects, Skywatching | ||
| 526 |
_a0 _b0 _c0 _d030_000000000000000_ENC |
||
| 650 |
_aNUST _96342 |
||
| 942 |
_2ddc _cBK |
||
| 999 |
_c541952 _d541952 |
||